Espaces intermediaires : (Record no. 13157)

MARC details
000 -LEADER
campo de control de longitud fija 00680cam a2200229Ia 4500
001 - NÚMERO DE CONTROL
campo de control 38470
005 - FECHA Y HORA DE LA ÚLTIMA TRANSACCIÓN
campo de control 20230410101734.0
008 - DATOS DE LONGITUD FIJA--INFORMACIÓN GENERAL
campo de control de longitud fija 970321s1994 ht a 000 0 fre d
035 ## - NÚMERO DE CONTROL DEL SISTEMA
Número de control de sistema (OCoLC)ocm36596191
040 ## - FUENTE DE CATALOGACIÓN
Centro catalogador/agencia de origen FUG
Centro/agencia transcriptor FUG
019 ## -
-- 45153475
035 ## - NÚMERO DE CONTROL DEL SISTEMA
Número de control de sistema (OCoLC)36596191
Número de control cancelado/no válido (OCoLC)45153475
050 14 - SIGNATURA TOPOGRÁFICA DE LA BIBLIOTECA DEL CONGRESO
Número de clasificación 110 PQ 3949.2
Número de ítem S254e 1994
100 1# - ENTRADA PRINCIPAL--NOMBRE DE PERSONA
Nombre de persona Satyre, Joubert,
Fechas asociadas al nombre 1958-
245 10 - MENCIÓN DEL TÍTULO
Título Espaces intermediaires :
Resto del título poémes /
Mención de responsabilidad, etc. Joubert Satyre ; illustres des encres de Tiga.
260 ## - PUBLICACIÓN, DISTRIBUCIÓN, ETC.
Lugar de publicación, distribución, etc. [Haiti] :
Nombre del editor, distribuidor, etc. Editions Mémoire,
Fecha de publicación, distribución, etc. 1994.
300 ## - DESCRIPCIÓN FÍSICA
Extensión 55 p. :
Otras características físicas ill. ;
Dimensiones 21 cm.
650 #4 - PUNTO DE ACCESO ADICIONAL DE MATERIA--TÉRMINO DE MATERIA
Término de materia o nombre geográfico como elemento de entrada CEH
650 #4 - PUNTO DE ACCESO ADICIONAL DE MATERIA--TÉRMINO DE MATERIA
Término de materia o nombre geográfico como elemento de entrada Colección Estudios Haitianos
942 ## - ELEMENTOS DE ENTRADA SECUNDARIOS (KOHA)
Fuente del sistema de clasificación o colocación Clasificación de Library of Congress
Tipo de ítem Koha
994 ## -
-- C0
-- DRFGD
Holdings
Estatus retirado Estado de pérdida Fuente del sistema de clasificación o colocación Estado de daño No para préstamo Colección Biblioteca de origen Biblioteca actual Ubicación en estantería Fecha de adquisición Serial enumeration / chronology Signatura topográfica completa Código de barras Visto por última vez Copia número Tipo de ítem Koha
    Clasificación de Library of Congress     Recursos Regionales Biblioteca Juan Bosch Biblioteca Juan Bosch Recursos Regionales (2do. Piso) 10/04/2023 1 110 PQ 3949.2 S254e 1994 00000039900 23/10/2018 1